00272nam a22001097a 4500020001500000082001200015100001700027245001400044260007600058300000800134650002000142 a0440235596 a823 BIN aBinchy Maeve aTara Road aCanadabDell Publishing a division of Random House, Inc. New Yarkc2000 a647 aEnglish-Fiction